01643nam a22003614a 4500001001200000003000800012006001900020007001500039008004100054010001700095020003800112020003500150040002100185035002100206043001200227050002200239082001600261100002800277245008200305260005300387300001900440490004300459504006400502505027100566533015200837650002200989650003701011655002901048710001701077830004401094856012601138999001701264ebr10313944CaPaEBRm u cr cn|||||||||080108s2008 coua sb 001 0 eng  z 2008000716 z9781934542026 (pbk. : alk. paper) z1934542024 (pbk. : alk. paper) aCaPaEBRcCaPaEBR a(OCoLC)460042869 an-us---14aK213b.K46 2008eb04a340/.112221 aKennedy, Duncan,d1942-10aLegal reasoningh[electronic resource] :bcollected essays /cDuncan Kennedy. aAurora, Colo. :bDavies Group Publishers,c2008. a215 p. :bill.1 aContemporary European cultural studies aIncludes bibliographical references (p. 208-211) and index.0 aFreedom and constraint in adjudication : a critical phenomenology -- A semiotics of legal argument -- A left/phenomenological alternative to the Hart/Kelsen theory of legal interpretation -- Thoughts on coherence, social values and national tradition in private law. aElectronic reproduction.bPalo Alto, Calif. :cebrary,d2013.nAvailable via World Wide Web.nAccess may be limited to ebrary affiliated libraries. 0aLawxMethodology. 0aLawzUnited StatesxMethodology. 7aElectronic books.2local2 aebrary, Inc. 0aContemporary European cultural studies.40uhttp://site.ebrary.com/lib/rucke/Doc?id=10313944zAn electronic book accessible through the World Wide Web; click to view c57732d57732